000 00394cam a2200157ua 4500
041 _amal
_h
082 _a494.812
_bKUN/LE
100 _aKunjan Pillai, Elamkulam .
245 _aLeela Thilakam /
_cElamkulam Kunjan Pillai.
_hTextual Documents
250 _a3 /
_b.
260 _aThrissur :
_bCurrent Books ,
_c1962.
300 _a331 ; .
504 _a
942 _cBK
999 _c4696
_d4696